[Event "XLVII Torneo di Capodanno"]
[Site "Reggio nell'Emilia ITA"]
[Date "2005.01.06"]
[Round "9"]
[White "Rombaldoni, Denis"]
[Black "Di Caro, Calogero"]
[Result "1-0"]
[WhiteElo "2251"]
[BlackElo "2317"]
[PlyCount "75"]
[EventDate "2004.12.29"]

1. d4 Nf6 2. c4 c5 3. d5 e5 4. Nc3 d6 5. e4 Be7 6. g3 O-O 7. Bg2 Na6 8. Nge2
Nc7 9. O-O a6 10. a4 b6 11. f4 Nd7 12. Be3 Rb8 13. Qd3 Bf6 14. f5 Qe8 15. Rf3
Rb7 16. g4 h6 17. Rh3 Qe7 18. Rh5 Rd8 19. Rf1 Nf8 20. Qd2 Ne8 21. Rf3 Nh7 22.
h4 Bxh4 23. Bxh6 g6 24. Rxh4 Qxh4 25. Rh3 Qxg4 26. Kh2 Nhf6 27. Bf3 Nxe4 28.
Nxe4 Qxf5 29. Rg3 f6 30. Qe3 Rh7 31. Bg4 Qf1 32. Rg1 Qxg1+ 33. Kxg1 Bxg4 34.
Bg5 Rh3 35. N2g3 fxg5 36. Qxg5 Rd7 37. Qxg4 Rdh7 38. Ng5 1-0

[Event "XV Festival A"]
[Site "Robecchetto con Induno ITA"]
[Date "2004.12.27"]
[Round "1"]
[White "Caselli, Luigi"]
[Black "Temi, Walter"]
[Result "1-0"]
[WhiteElo "2282"]
[BlackElo "2099"]
[PlyCount "83"]
[EventDate "2004.12.27"]

1. d4 Nf6 2. Bg5 e6 3. e3 Be7 4. Bd3 b6 5. Nd2 Bb7 6. Ngf3 d5 7. Ne5 Nfd7 8.
Bxe7 Qxe7 9. f4 c5 10. c3 Nxe5 11. fxe5 Qh4+ 12. g3 Qh6 13. Qe2 O-O 14. O-O
cxd4 15. exd4 Ba6 16. Bxa6 Nxa6 17. Rf4 Nc7 18. Raf1 f5 19. exf6 Rxf6 20. Qe5
Rxf4 21. Rxf4 Ne8 22. Nf3 Nf6 23. Qxe6+ Kh8 24. Ne5 Qh5 25. g4 Qe8 26. Nf7+ Kg8
27. Nh6+ Kh8 28. Rxf6 Qxe6 29. Rxe6 gxh6 30. Rxh6 Re8 31. Kf2 Rf8+ 32. Ke2 Re8+
33. Kd2 Re4 34. h3 Rf4 35. Rh5 Rf2+ 36. Kc1 Rh2 37. Rxd5 Rxh3 38. Re5 Rg3 39.
Re4 Rg2 40. d5 Rg1+ 41. Kc2 Rg2+ 42. Kb3 1-0

[Event "XV Festival A"]
[Site "Robecchetto con Induno ITA"]
[Date "2004.12.27"]
[Round "1"]
[White "La Torre, Giovanni"]
[Black "Di Donato, Giovanni"]
[Result "1-0"]
[WhiteElo "2036"]
[BlackElo "2142"]
[PlyCount "80"]
[EventDate "2004.12.27"]

1. Nf3 Nf6 2. g3 d5 3. Bg2 Nbd7 4. d4 e6 5. O-O Be7 6. c4 c6 7. Nc3 a6 8. b3 b5
9. Bf4 Nh5 10. Bd2 Nhf6 11. Qc2 Bb7 12. c5 b4 13. Na4 a5 14. Bf4 O-O 15. Rad1
Ba6 16. Rfe1 Bb5 17. Nb2 Ne4 18. Nd3 f6 19. Bh3 e5 20. dxe5 Bxc5 21. Bxd7 Bxd3
22. Be6+ Kh8 23. exd3 Bxf2+ 24. Kg2 Bxe1 25. dxe4 Bc3 26. exd5 Qe7 27. exf6
Qxf6 28. Ng5 g6 29. Ne4 Qg7 30. Nxc3 bxc3 31. Re1 Rxf4 32. gxf4 cxd5 33. Bxd5
Rd8 34. Re5 Qc7 35. Kg3 Qc5 36. Bc4 Qg1+ 37. Kh3 h5 38. Rg5 Qe3+ 39. Rg3 Qd2
40. Qxg6 Qd7+ 1-0

[Event "XV Festival A"]
[Site "Robecchetto con Induno ITA"]
[Date "2004.12.27"]
[Round "1"]
[White "Magrini, Riccardo"]
[Black "Bianchi, Alberto"]
[Result "1/2-1/2"]
[WhiteElo "2229"]
[BlackElo "2046"]
[PlyCount "48"]
[EventDate "2004.12.27"]

1. e4 e5 2. Nf3 Nc6 3. Bc4 Be7 4. d4 d6 5. dxe5 Nxe5 6. Nxe5 dxe5 7. Qxd8+ Bxd8
8. Nc3 Nf6 9. Be3 Ng4 10. Bc5 b6 11. Ba3 Bb7 12. Bb5+ c6 13. Be2 h5 14. h3 Nf6
15. Bd6 Nd7 16. Ba3 Be7 17. Bxe7 Kxe7 18. O-O g5 19. Rad1 Nf6 20. Rd2 Rad8 21.
Rfd1 Rxd2 22. Rxd2 Rd8 23. Rxd8 Kxd8 24. f3 Ke7 1/2-1/2

[Event "XV Festival A"]
[Site "Robecchetto con Induno ITA"]
[Date "2004.12.27"]
[Round "1"]
[White "Paleologu, Vladimir"]
[Black "Astengo, Marcello"]
[Result "1-0"]
[WhiteElo "2134"]
[BlackElo "2032"]
[PlyCount "53"]
[EventDate "2004.12.27"]

1. e4 e6 2. b3 d5 3. Bb2 Nf6 4. e5 Ng8 5. Nf3 c5 6. d4 Nc6 7. Bb5 Bd7 8. Bxc6
bxc6 9. dxc5 Bxc5 10. Nc3 Nh6 11. O-O O-O 12. Na4 Be7 13. Bd4 Qa5 14. Qd2 Qb5
15. Qc3 Bb4 16. Qd3 Rfc8 17. Be3 c5 18. a3 Ba5 19. Nxc5 Rxc5 20. Bxc5 Qxc5 21.
b4 Bxb4 22. axb4 Qxb4 23. Rfb1 Qc5 24. Ng5 g6 25. Rb7 Bc6 26. Qh3 Qd4 27. c3
1-0

[Event "XV Festival A"]
[Site "Robecchetto con Induno ITA"]
[Date "2004.12.27"]
[Round "1"]
[White "Zacco, Remo"]
[Black "Pace, Pietro Dario"]
[Result "0-1"]
[WhiteElo "2016"]
[BlackElo "2130"]
[PlyCount "40"]
[EventDate "2004.12.27"]

1. e4 e5 2. Nf3 Nc6 3. d4 exd4 4. Nxd4 Nf6 5. Nxc6 bxc6 6. e5 Qe7 7. Qe2 Nd5 8.
g3 a5 9. Bg2 Ba6 10. c4 Nb6 11. b3 Qe6 12. Qe4 Bb4+ 13. Bd2 O-O 14. O-O Rae8
15. a3 Bxd2 16. Nxd2 Qxe5 17. Qxe5 Rxe5 18. Rfe1 Rfe8 19. Ne4 f5 20. f4 R5e7
0-1

[Event "XV Festival A"]
[Site "Robecchetto con Induno ITA"]
[Date "2004.12.27"]
[Round "2"]
[White "Astengo, Marcello"]
[Black "Volpi, Davide"]
[Result "1-0"]
[WhiteElo "2032"]
[BlackElo "2069"]
[PlyCount "57"]
[EventDate "2004.12.27"]

1. d4 Nf6 2. c4 c5 3. d5 e6 4. Nc3 exd5 5. cxd5 d6 6. e4 g6 7. f4 Bg7 8. Nf3
O-O 9. Bd3 Re8 10. O-O Na6 11. Qb3 Nc7 12. Bd2 Rb8 13. a4 b5 14. axb5 Nxb5 15.
Nxb5 a6 16. Ba5 Qe7 17. Bc7 Rxb5 18. Bxb5 Qxc7 19. Bxe8 Nxe8 20. Rfe1 Bg4 21.
Rxa6 Bxf3 22. gxf3 c4 23. Qb5 Qc8 24. Qc6 Bd4+ 25. Kg2 Qb8 26. Re2 Nc7 27. Ra4
Bc5 28. Rxc4 Qb3 29. Rxc5 1-0

[Event "XV Festival A"]
[Site "Robecchetto con Induno ITA"]
[Date "2004.12.27"]
[Round "2"]
[White "Bianchi, Alberto"]
[Black "Barlocco, Carlo"]
[Result "0-1"]
[WhiteElo "2046"]
[BlackElo "2108"]
[PlyCount "120"]
[EventDate "2004.12.27"]

1. e4 c5 2. Nf3 Nc6 3. Nc3 Nf6 4. d4 cxd4 5. Nxd4 Qb6 6. Nxc6 dxc6 7. Be2 e5 8.
O-O Be7 9. Rb1 Be6 10. Be3 Qa5 11. a3 O-O 12. Qe1 Rfd8 13. Nd5 Qxe1 14. Nxe7+
Kf8 15. Rfxe1 Kxe7 16. f3 Kd7 17. Rbd1+ Kc7 18. Rxd8 Rxd8 19. Rd1 Rxd1+ 20.
Bxd1 Ne8 21. b3 Nd6 22. c4 b6 23. g4 c5 24. a4 Nb7 25. Kf2 Na5 26. f4 f6 27. h4
Nc6 28. f5 Bd7 29. Bd2 a5 30. h5 Ne7 31. Ke3 Kd8 32. Kd3 Ke8 33. g5 Kf7 34. g6+
hxg6 35. hxg6+ Kf8 36. Bf3 Bc6 37. Bd1 Nc8 38. Ke3 Bd7 39. Bc2 Ne7 40. Be1 Nc6
41. Bd1 Nd4 42. Bd2 Ke7 43. Bc1 Nxf5+ 44. exf5 Bxf5 45. Kf3 Bxg6 46. Kg4 Ke6
47. Bb2 Bf5+ 48. Kg3 Bd3 49. Kf3 f5 50. Ke3 Be4 51. Bc3 g5 52. Be1 Kf6 53. Bf2
Bc6 54. Bc2 f4+ 55. Ke2 e4 56. Be1 Ke5 57. Bc3+ Kf5 58. Be1 Kg4 59. Bc3 Kg3 60.
Be5 Kg2 0-1

[Event "XV Festival A"]
[Site "Robecchetto con Induno ITA"]
[Date "2004.12.27"]
[Round "2"]
[White "Di Donato, Giovanni"]
[Black "Magrini, Riccardo"]
[Result "1/2-1/2"]
[WhiteElo "2142"]
[BlackElo "2229"]
[PlyCount "106"]
[EventDate "2004.12.27"]

1. e4 c5 2. c3 e6 3. d4 d5 4. e5 Qb6 5. Nf3 Bd7 6. a3 a5 7. Be2 Bb5 8. c4 Bc6
9. cxd5 Bxd5 10. Nc3 Nc6 11. Nxd5 exd5 12. dxc5 Bxc5 13. O-O Nge7 14. Bd3 Nd8
15. Qa4+ Nec6 16. Qg4 Ne6 17. Bf5 Ncd8 18. Bg5 O-O 19. Rad1 Nxg5 20. Nxg5 g6
21. Rxd5 h5 22. Qg3 Kh8 23. Bd3 Be7 24. Ne4 Qc6 25. Nc3 Rc8 26. Bb5 Qe6 27. Bd7
Rxc3 28. Bxe6 Rxg3 29. fxg3 Nxe6 30. Rxa5 Kg7 31. b4 Rc8 32. Rd1 Rc7 33. Rad5
Nf8 34. R1d3 g5 35. Kf2 Kg6 36. h3 Kf5 37. Rf3+ Ke6 38. Rfd3 Ng6 39. Rb5 Nxe5
40. Rdd5 f6 41. h4 Rc2+ 42. Kf1 Bd6 43. hxg5 fxg5 44. Rd1 Ng4 45. Re1+ Kd7 46.
Rxg5 Bxg3 47. Rg7+ Kd6 48. Rd1+ Ke6 49. Kg1 Ne3 50. Rxg3 Nxd1 51. Rh3 Rc3 52.
Rxh5 Rxa3 53. Rb5 Ra7 1/2-1/2

[Event "XV Festival A"]
[Site "Robecchetto con Induno ITA"]
[Date "2004.12.27"]
[Round "2"]
[White "Mrdja, Milan"]
[Black "La Torre, Giovanni"]
[Result "1-0"]
[WhiteElo "2420"]
[BlackElo "2036"]
[PlyCount "119"]
[EventDate "2004.12.27"]

1. e4 d6 2. d4 Nf6 3. Nc3 g6 4. f4 Bg7 5. Nf3 O-O 6. Be3 c6 7. Bd3 b5 8. O-O
Ng4 9. Bd2 Qb6 10. Ne2 c5 11. h3 c4 12. Bxc4 bxc4 13. hxg4 Bxg4 14. Bc3 Nd7 15.
Rf2 Nf6 16. Ng3 d5 17. Qe1 dxe4 18. Ne5 Be6 19. Nxe4 Nxe4 20. Qxe4 Qd6 21. Re1
Bd5 22. Qe2 Qc7 23. f5 gxf5 24. Rxf5 e6 25. Rh5 f5 26. Qf2 Bxe5 27. Rxe5 Rf6
28. Rg5+ Rg6 29. Bd2 Qg7 30. Rxg6 hxg6 31. Bg5 Rb8 32. b3 Rc8 33. b4 Rb8 34. c3
Qh7 35. Qf4 Rb7 36. a4 Qh5 37. Re1 Qh7 38. Bf6 Qh5 39. Bg5 Qh7 40. Kf2 Qc7 41.
Re5 a6 42. Qg3 Qd7 43. Bf6 Qh7 44. Re1 Rf7 45. Bg5 Qh5 46. Qf4 Rb7 47. Kg1 Qh7
48. Re3 Qc7 49. Qh4 Qh7 50. Qf4 Qc7 51. Qf2 Qb8 52. Bf4 Qd8 53. Rg3 Qe8 54. Be5
Rh7 55. Qe2 Kf7 56. Qd1 Qe7 57. Qd2 Qh4 58. Rh3 Qxh3 59. gxh3 Rxh3 60. Qg5 1-0

[Event "XV Festival A"]
[Site "Robecchetto con Induno ITA"]
[Date "2004.12.27"]
[Round "2"]
[White "Pace, Pietro Dario"]
[Black "Caselli, Luigi"]
[Result "1/2-1/2"]
[WhiteElo "2130"]
[BlackElo "2282"]
[PlyCount "30"]
[EventDate "2004.12.27"]

1. e4 d5 2. exd5 Qxd5 3. Nc3 Qa5 4. d4 Nf6 5. Bc4 c6 6. Bb3 Bf5 7. Bd2 Qc7 8.
Qe2 e6 9. O-O-O Nbd7 10. Nf3 O-O-O 11. Nh4 Bg6 12. Nxg6 hxg6 13. h4 Nb6 14. Bg5
Be7 15. g3 Kb8 1/2-1/2

[Event "XV Festival A"]
[Site "Robecchetto con Induno ITA"]
[Date "2004.12.27"]
[Round "2"]
[White "Sbarra, Marco"]
[Black "Paleologu, Vladimir"]
[Result "1-0"]
[WhiteElo "2231"]
[BlackElo "2134"]
[PlyCount "21"]
[EventDate "2004.12.27"]

1. c4 e5 2. Nc3 Nc6 3. Nf3 f5 4. d4 e4 5. Ng5 Nf6 6. d5 Ne5 7. Qd4 Ng6 8. g4
Nxg4 9. Bh3 b6 10. Bxg4 Bc5 11. Qxg7 1-0

[Event "XV Festival A"]
[Site "Robecchetto con Induno ITA"]
[Date "2004.12.27"]
[Round "2"]
[White "Temi, Walter"]
[Black "Zacco, Remo"]
[Result "1/2-1/2"]
[WhiteElo "2099"]
[BlackElo "2016"]
[PlyCount "67"]
[EventDate "2004.12.27"]

1. e4 d6 2. d4 g6 3. c4 e5 4. Nf3 Nc6 5. Bg5 f6 6. Be3 Bg4 7. d5 Nce7 8. Be2
Nh6 9. Nc3 Nf7 10. Nxe5 Bxe2 11. Nxf7 Bxd1 12. Nxd8 Bg4 13. Ne6 Bxe6 14. dxe6
c6 15. O-O-O Nc8 16. f4 Bh6 17. h4 Ke7 18. h5 Nb6 19. b3 Rae8 20. hxg6 hxg6 21.
Rh3 f5 22. Kc2 Bg7 23. Rg3 Bxc3 24. Kxc3 Rhg8 25. c5 dxc5 26. Bxc5+ Kxe6 27.
Rd6+ Kf7 28. Bxb6 axb6 29. exf5 gxf5 30. Rd7+ Ke6 31. Rxg8 Rxg8 32. Rxb7 b5 33.
Rc7 Kd5 34. Rf7 1/2-1/2

[Event "XV Festival A"]
[Site "Robecchetto con Induno ITA"]
[Date "2004.12.28"]
[Round "3"]
[White "Barlocco, Carlo"]
[Black "Pace, Pietro Dario"]
[Result "0-1"]
[WhiteElo "2108"]
[BlackElo "2130"]
[PlyCount "80"]
[EventDate "2004.12.27"]

1. d4 d5 2. Nc3 Bf5 3. f3 Nf6 4. Bg5 c6 5. Qd2 Nbd7 6. O-O-O h6 7. Bh4 e6 8. e4
dxe4 9. g4 Bh7 10. g5 hxg5 11. Bxg5 Bb4 12. a3 Be7 13. Bg2 e3 14. Bxe3 Nb6 15.
Bg5 Nc4 16. Qe2 Nxb2 17. Kxb2 Qa5 18. Bd2 Qxa3+ 19. Kb1 Qb3+ 20. Ka1 Bxc2 21.
Nh3 Rh5 22. Na2 Rb5 23. Bc3 Ba3 24. Qxb5 cxb5 25. Rb1 Bxb1 26. Rxb1 Qc2 27. Bf1
a6 28. Nf4 Rc8 29. Bd3 Qxh2 30. Ne2 Nd5 31. Be1 Ne3 32. Nac3 b4 33. Bg3 Qg2 34.
Ne4 Rc2 35. Bf2 Qxf3 36. Ng1 Qg2 37. Nh3 Qxh3 38. Bxe3 Qxe3 39. Bxc2 Qxd4+ 40.
Ka2 Qc4+ 0-1

[Event "XV Festival A"]
[Site "Robecchetto con Induno ITA"]
[Date "2004.12.28"]
[Round "3"]
[White "Caselli, Luigi"]
[Black "Sbarra, Marco"]
[Result "1/2-1/2"]
[WhiteElo "2282"]
[BlackElo "2231"]
[PlyCount "69"]
[EventDate "2004.12.27"]

1. d4 d5 2. c4 e6 3. cxd5 exd5 4. Nc3 c5 5. dxc5 d4 6. Na4 b5 7. cxb6 axb6 8.
b3 b5 9. Nb2 Nf6 10. e3 Nc6 11. Nf3 Bb4+ 12. Bd2 Bxd2+ 13. Qxd2 Ne4 14. Qc2
Qa5+ 15. Nd2 Nxd2 16. Qxd2 dxe3 17. fxe3 Nb4 18. Bd3 O-O 19. O-O Be6 20. Bf5
Rad8 21. Qe1 Bxf5 22. Rxf5 Qa3 23. Rf2 Rc8 24. Qd1 Qa7 25. Qd4 Qe7 26. Raf1
Rfd8 27. Qg4 Nd5 28. Nd1 Rc1 29. e4 Nf6 30. Rxf6 Qxf6 31. Rxf6 Rdxd1+ 32. Qxd1
Rxd1+ 33. Rf1 Rd2 34. Rf2 Rd1+ 35. Rf1 1/2-1/2

[Event "XV Festival A"]
[Site "Robecchetto con Induno ITA"]
[Date "2004.12.28"]
[Round "3"]
[White "La Torre, Giovanni"]
[Black "Astengo, Marcello"]
[Result "1/2-1/2"]
[WhiteElo "2036"]
[BlackElo "2032"]
[PlyCount "102"]
[EventDate "2004.12.27"]

1. e4 e6 2. d3 d5 3. Nd2 c5 4. Ngf3 Nc6 5. g3 Nge7 6. Bg2 g6 7. O-O Bg7 8. Re1
O-O 9. c3 b5 10. Qe2 Qb6 11. Nb3 Bb7 12. Be3 d4 13. Bd2 a5 14. cxd4 cxd4 15.
Rac1 e5 16. Nc5 Bc8 17. h3 Nb8 18. Rc2 Nd7 19. Rec1 f6 20. Nxd7 Bxd7 21. Rc7
Rfd8 22. Qd1 Bf8 23. R7c5 Nc8 24. Rc7 Ra7 25. R7c2 b4 26. Nh2 Nd6 27. Ng4 Be7
28. f4 Nf7 29. f5 a4 30. b3 Nd6 31. fxg6 hxg6 32. bxa4 Bxa4 33. Qf3 Ne8 34. Rc8
Rxc8 35. Rxc8 Qe6 36. Rb8 Rc7 37. Bxb4 Rc1+ 38. Kh2 Kg7 39. Qf2 Bxb4 40. Rxb4
Rc2 41. Rb7+ Kf8 42. Qe1 Nd6 43. Qb4 Rxa2 44. Ra7 Bb3 45. Qb8+ Ne8 46. Rb7 Bd1
47. Rb6 Bf3 48. Rb2 Bxg2 49. Rxg2 Rxg2+ 50. Kxg2 Qa2+ 51. Nf2 Qd2 1/2-1/2

[Event "XV Festival A"]
[Site "Robecchetto con Induno ITA"]
[Date "2004.12.28"]
[Round "3"]
[White "Magrini, Riccardo"]
[Black "Mrdja, Milan"]
[Result "0-1"]
[WhiteElo "2229"]
[BlackElo "2420"]
[PlyCount "106"]
[EventDate "2004.12.27"]

1. e4 Nf6 2. e5 Nd5 3. d4 d6 4. Bc4 Nb6 5. Bb3 dxe5 6. Qh5 e6 7. dxe5 a5 8. a4
Na6 9. Nf3 Nc5 10. Ba2 Bd7 11. b3 Bc6 12. Nbd2 Nd5 13. O-O g6 14. Qg4 Nc3 15.
Bb2 h5 16. Qc4 Nxa2 17. Rxa2 Qd5 18. Qxd5 Bxd5 19. Raa1 Be7 20. Nd4 b6 21. Nb5
O-O-O 22. Rad1 Rd7 23. Nc3 Rhd8 24. Ndb1 Bc6 25. Rxd7 Nxd7 26. Nd1 Be4 27. Ne3
g5 28. Nd2 Bg6 29. Ndc4 Bc5 30. Rd1 Nb8 31. Rxd8+ Kxd8 32. Kf1 Nc6 33. Ke2 Kd7
34. Kd1 Nb4 35. Kd2 Kc6 36. h3 Nd5 37. Nd1 Nf4 38. Nde3 Be4 39. f3 Bd5 40. Ke1
Bxc4 41. Nxc4 Nxg2+ 42. Kf1 Nf4 43. Bc1 Nxh3 44. Kg2 Nf4+ 45. Bxf4 gxf4 46. Nb2
Kd5 47. Nd3 Kd4 48. Nxf4 Kxe5 49. Nxh5 Kd4 50. Ng3 Kc3 51. Ne4+ Kxc2 52. Ng5
Kxb3 53. Nxf7 Kxa4 0-1

[Event "XV Festival A"]
[Site "Robecchetto con Induno ITA"]
[Date "2004.12.28"]
[Round "3"]
[White "Paleologu, Vladimir"]
[Black "Temi, Walter"]
[Result "1/2-1/2"]
[WhiteElo "2134"]
[BlackElo "2099"]
[PlyCount "87"]
[EventDate "2004.12.27"]

1. e4 b6 2. d4 Bb7 3. Bd3 e6 4. Nf3 c5 5. c3 d5 6. e5 Qd7 7. Qe2 Nc6 8. O-O
Nge7 9. Be3 Ng6 10. Ng5 h6 11. Nh3 cxd4 12. Bxd4 Bc5 13. Bxc5 bxc5 14. Bxg6
fxg6 15. Qb5 O-O 16. Qxc5 g5 17. f3 Nxe5 18. Nd2 Ng6 19. Rad1 Qa4 20. Qd4 Qc6
21. Nb3 e5 22. Qc5 Qe6 23. Qe3 a5 24. Rfe1 Qf5 25. Qb6 Qf7 26. Nc5 Bc8 27. Nf2
e4 28. Qd6 Nf4 29. Re3 exf3 30. Rxf3 g4 31. Rxf4 Qxf4 32. Qxd5+ Kh8 33. Ncd3
Qb8 34. Ne5 Ra6 35. Nf7+ Kh7 36. Qd3+ Kg8 37. Nd6 Rxd6 38. Qxd6 Qxb2 39. Qd2
Qb6 40. Qd4 Qb2 41. Qd5+ Kh8 42. Qc5 Kg8 43. Qd5+ Kh8 44. Qd2 1/2-1/2

[Event "XV Festival A"]
[Site "Robecchetto con Induno ITA"]
[Date "2004.12.28"]
[Round "3"]
[White "Volpi, Davide"]
[Black "Bianchi, Alberto"]
[Result "1-0"]
[WhiteElo "2069"]
[BlackElo "2046"]
[PlyCount "93"]
[EventDate "2004.12.27"]

1. e4 e5 2. Nf3 Nc6 3. Bb5 a6 4. Ba4 Nf6 5. O-O Nxe4 6. Re1 Nc5 7. Bxc6 dxc6 8.
d4 Ne6 9. dxe5 Qxd1 10. Rxd1 Bc5 11. Nc3 h6 12. Ne4 Be7 13. Be3 Bd7 14. Rd2
O-O-O 15. Rad1 c5 16. c3 Bc6 17. Rxd8+ Rxd8 18. Rxd8+ Kxd8 19. Nfd2 b6 20. f4
f5 21. exf6 gxf6 22. f5 Ng5 23. Bxg5 hxg5 24. g4 Ke8 25. b3 a5 26. h4 gxh4 27.
Kh2 a4 28. Kh3 axb3 29. axb3 Kf7 30. Kxh4 b5 31. c4 Kf8 32. g5 fxg5+ 33. Nxg5
Ke8 34. Nde4 Bd6 35. Kh5 bxc4 36. bxc4 Kf8 37. Kg6 Be8+ 38. Kf6 Bh5 39. Nxd6
cxd6 40. Ne4 d5 41. cxd5 Bf3 42. d6 Ke8 43. Nxc5 Bd5 44. d7+ Kd8 45. Ke5 Bg2
46. Kd6 Ba8 47. Ne6# 1-0

[Event "XV Festival A"]
[Site "Robecchetto con Induno ITA"]
[Date "2004.12.28"]
[Round "4"]
[White "Astengo, Marcello"]
[Black "Barlocco, Carlo"]
[Result "1-0"]
[WhiteElo "2032"]
[BlackElo "2108"]
[PlyCount "69"]
[EventDate "2004.12.27"]

1. d4 Nf6 2. c4 c5 3. d5 e6 4. Nc3 exd5 5. cxd5 Bd6 6. e4 Bc7 7. d6 Ba5 8. e5
Ng8 9. Bc4 Kf8 10. Nf3 Nc6 11. Qd5 Qe8 12. O-O Bxc3 13. bxc3 b6 14. Bf4 Bb7 15.
Qd2 Nd8 16. Nh4 Ne6 17. Be3 Qd8 18. Nf5 Be4 19. Ng3 Bc6 20. f4 Qh4 21. Bb3 Nh6
22. Kh1 g6 23. f5 Nxf5 24. Nxf5 gxf5 25. Rxf5 c4 26. Bd1 Rg8 27. Bf3 Bxf3 28.
Rxf3 Rg6 29. Raf1 Kg8 30. Rxf7 Rf8 31. Rxf8+ Nxf8 32. Qd5+ Ne6 33. Qa8+ Kg7 34.
Qe8 Rg4 35. Rf7+ 1-0

[Event "XV Festival A"]
[Site "Robecchetto con Induno ITA"]
[Date "2004.12.28"]
[Round "4"]
[White "Bianchi, Alberto"]
[Black "Zacco, Remo"]
[Result "1/2-1/2"]
[WhiteElo "2046"]
[BlackElo "2016"]
[PlyCount "170"]
[EventDate "2004.12.27"]

1. e4 e5 2. Nf3 d6 3. Be2 Nf6 4. Nc3 g6 5. d3 c6 6. h3 Na6 7. Be3 Nc7 8. Qd2
Ne6 9. Rd1 h5 10. d4 Qc7 11. d5 Ng7 12. Ng5 h4 13. f4 cxd5 14. fxe5 dxe5 15.
exd5 Bb4 16. O-O Nf5 17. a3 Bc5 18. Bxc5 Qxc5+ 19. Kh2 Bd7 20. Nce4 Nxe4 21.
Nxe4 Qe7 22. d6 Qd8 23. Qd5 O-O 24. Qxe5 f6 25. Bc4+ Kg7 26. Qf4 Rc8 27. Bb3
Qb6 28. Rfe1 Rfe8 29. Nc3 Rxe1 30. Rxe1 g5 31. Qd2 Qc5 32. Na4 Bxa4 33. Bxa4
Qxd6+ 34. Qxd6 Nxd6 35. Bb3 Rd8 36. Bd5 Kf8 37. c4 Rd7 38. b4 b6 39. Ra1 Nf7
40. a4 Ne5 41. Rc1 Ke7 42. Rc3 Kd6 43. Be4 Rc7 44. Bd5 Ng6 45. a5 Nf4 46. Bf3
bxa5 47. c5+ Ke5 48. b5 Kd4 49. Ra3 Kxc5 50. Rxa5 Kb6 51. Ra6+ Kxb5 52. Rxf6
Rc5 53. Kg1 a5 54. Rf8 Kb4 55. Rb8+ Kc3 56. Ra8 Nd3 57. Kf1 Kd2 58. g3 Rf5 59.
gxh4 Rxf3+ 60. Kg2 Ne1+ 61. Kh2 gxh4 62. Rxa5 Ke3 63. Ra3+ Nd3 64. Ra4 Rf2+ 65.
Kg1 Rf3 66. Rxh4 Nf4 67. Rh8 Nxh3+ 68. Kh2 Nf4 69. Ra8 Kf2 70. Ra2+ Ne2 71. Rb2
Rf6 72. Kh3 Kf3 73. Rb3+ Ke4 74. Rb4+ Nd4 75. Kg3 Ke3 76. Kg4 Rg6+ 77. Kh5 Rg7
78. Rb6 Ke4 79. Rg6 Rf7 80. Rg4+ Ke5 81. Rg5+ Nf5 82. Rg8 Kf6 83. Rg6+ Ke7 84.
Ra6 Rh7+ 85. Kg5 Ng7 1/2-1/2

[Event "XV Festival A"]
[Site "Robecchetto con Induno ITA"]
[Date "2004.12.28"]
[Round "4"]
[White "Di Donato, Giovanni"]
[Black "Paleologu, Vladimir"]
[Result "0-1"]
[WhiteElo "2142"]
[BlackElo "2134"]
[PlyCount "136"]
[EventDate "2004.12.27"]

1. e4 d6 2. d4 Nf6 3. Bd3 e5 4. c3 d5 5. Bg5 Be7 6. Bxf6 Bxf6 7. dxe5 Bxe5 8.
Nf3 Bf6 9. O-O dxe4 10. Qa4+ Nc6 11. Qxe4+ Qe7 12. Nbd2 Be6 13. Bb5 Qd7 14.
Rad1 O-O-O 15. Bxc6 Qxc6 16. Qxc6 bxc6 17. Ne4 Rxd1 18. Rxd1 Rd8 19. Rxd8+ Bxd8
20. b3 Bf5 21. Nfd2 Be7 22. f3 Bg6 23. g4 f5 24. gxf5 Bxf5 25. Kf2 Kd7 26. Nc4
Bd6 27. h4 Be6 28. Ne3 h6 29. Nc2 Ke7 30. Nd4 Bd7 31. a4 c5 32. Nb5 a6 33.
Nbxd6 cxd6 34. a5 Bf5 35. Ke3 Kd7 36. Ng3 Bg6 37. f4 Ke6 38. b4 cxb4 39. cxb4
Kd5 40. f5 Be8 41. Ne4 Bc6 42. f6 gxf6 43. Nxf6+ Kc4 44. Ng4 Bd7 45. Nxh6 Be6
46. Kf4 d5 47. Nf5 Bxf5 48. Kxf5 d4 49. h5 d3 50. h6 d2 51. h7 d1=Q 52. h8=Q
Qf3+ 53. Ke6 Qd5+ 54. Ke7 Qb7+ 55. Ke6 Qc6+ 56. Ke7 Kxb4 57. Qb2+ Kxa5 58. Qa3+
Kb6 59. Qb3+ Ka7 60. Qe3+ Qb6 61. Qa3 a5 62. Kd7 Ka6 63. Kc8 Qc6+ 64. Kd8 Qd5+
65. Kc7 Qc4+ 66. Kd7 Qb4 67. Qe3 a4 68. Kc7 Qb7+ 0-1

[Event "XV Festival A"]
[Site "Robecchetto con Induno ITA"]
[Date "2004.12.28"]
[Round "4"]
[White "Magrini, Riccardo"]
[Black "La Torre, Giovanni"]
[Result "0-1"]
[WhiteElo "2229"]
[BlackElo "2036"]
[PlyCount "76"]
[EventDate "2004.12.27"]

1. e4 d6 2. d4 Nf6 3. Nc3 g6 4. f4 Bg7 5. Nf3 O-O 6. Bd3 c5 7. dxc5 dxc5 8. Qe2
Nc6 9. e5 Ng4 10. Ne4 Nh6 11. Bd2 Qb6 12. Bc3 Bg4 13. Qf2 Bxf3 14. gxf3 Nd4 15.
O-O-O Nhf5 16. h4 h5 17. Bc4 Qc6 18. Ng5 e6 19. Rhg1 b5 20. Bd3 Rac8 21. Be4
Qb6 22. Kb1 Rfd8 23. Bxd4 cxd4 24. Nxf7 d3 25. Qxb6 dxc2+ 26. Bxc2 Rxd1+ 27.
Rxd1 axb6 28. Bxf5 exf5 29. Ng5 Bf8 30. Rd7 Bc5 31. Ne6 Be3 32. a3 Rc1+ 33. Ka2
Rh1 34. Rg7+ Kh8 35. Rxg6 Rxh4 36. Ng5 Rxf4 37. e6 Bc5 38. Nf7+ Kh7 0-1

[Event "XV Festival A"]
[Site "Robecchetto con Induno ITA"]
[Date "2004.12.28"]
[Round "4"]
[White "Mrdja, Milan"]
[Black "Caselli, Luigi"]
[Result "1-0"]
[WhiteElo "2420"]
[BlackElo "2282"]
[PlyCount "81"]
[EventDate "2004.12.27"]

1. e4 d5 2. Nc3 dxe4 3. Nxe4 Qd5 4. Nc3 Qa5 5. Bc4 Nc6 6. d3 Bd7 7. Nf3 Nf6 8.
h3 Qh5 9. Rg1 e6 10. Ne2 Ne5 11. Nxe5 Qxe5 12. c3 c6 13. Bf4 Qa5 14. d4 Be7 15.
Nc1 O-O 16. Nd3 Rfc8 17. Be5 Be8 18. Qe2 Nd7 19. O-O-O b5 20. Bb3 c5 21. dxc5
Nxc5 22. Nxc5 Bxc5 23. Kb1 b4 24. Qg4 Bf8 25. Rge1 bxc3 26. Bxc3 Qb6 27. Bd4
Qb7 28. f4 g6 29. Rxe6 Rc6 30. Ree1 Bd7 31. Qg3 Bf5+ 32. Ka1 Rd8 33. Qe3 Qc7
34. Bc3 Rc8 35. g4 Be6 36. Bxe6 fxe6 37. Qd4 Bg7 38. Qxg7+ Qxg7 39. Bxg7 Kxg7
40. Rd7+ Kf6 41. g5+ 1-0

[Event "XV Festival A"]
[Site "Robecchetto con Induno ITA"]
[Date "2004.12.28"]
[Round "4"]
[White "Sbarra, Marco"]
[Black "Pace, Pietro Dario"]
[Result "0-1"]
[WhiteElo "2231"]
[BlackElo "2130"]
[PlyCount "89"]
[EventDate "2004.12.27"]

1. d4 d5 2. c4 c6 3. Nc3 Nf6 4. e3 a6 5. Nf3 Bg4 6. h3 Bh5 7. cxd5 cxd5 8. Qa4+
Nbd7 9. g4 Bg6 10. Ne5 b5 11. Qb3 e6 12. Nxg6 hxg6 13. Bg2 Nb6 14. g5 Nfd7 15.
e4 dxe4 16. Nxe4 Nd5 17. Nc3 Bb4 18. O-O Bxc3 19. bxc3 N7b6 20. Re1 Rc8 21. Bd2
Nc4 22. Bc1 Ncb6 23. Bd2 Qd6 24. a4 bxa4 25. Rxa4 Nxa4 26. Qxa4+ Qd7 27. Qxa6
O-O 28. Qd3 Qc7 29. Bf1 Nb6 30. Qf3 Rfd8 31. h4 Nc4 32. Bf4 Qa5 33. h5 gxh5 34.
Qxh5 Qxc3 35. Rxe6 Qxd4 36. Rf6 gxf6 37. g6 fxg6 38. Qxg6+ Kf8 39. Qh6+ Kf7 40.
Qh5+ Ke7 41. Qh7+ Ke8 42. Qg6+ Kd7 43. Qf7+ Kc6 44. Bg2+ Kb5 45. Qb7+ 0-1

[Event "XV Festival A"]
[Site "Robecchetto con Induno ITA"]
[Date "2004.12.28"]
[Round "4"]
[White "Temi, Walter"]
[Black "Volpi, Davide"]
[Result "1-0"]
[WhiteElo "2099"]
[BlackElo "2069"]
[PlyCount "79"]
[EventDate "2004.12.27"]

1. e4 c5 2. Nf3 Nc6 3. Bc4 d6 4. d4 cxd4 5. Nxd4 Nf6 6. Nc3 e6 7. Be3 Be7 8.
Qe2 O-O 9. Bb3 a6 10. O-O-O Qc7 11. g4 b5 12. g5 Nxd4 13. Bxd4 Nd7 14. Rhg1 Nc5
15. Qh5 b4 16. Qh6 Nxb3+ 17. axb3 e5 18. Nd5 gxh6 19. gxh6+ Kh8 20. Nxc7 Rb8
21. Be3 Bb7 22. Nd5 Bxd5 23. Rxd5 Rg8 24. Rg3 Rg6 25. Kd2 Bf8 26. Kd3 Rc8 27.
Ra5 Ra8 28. Rxg6 hxg6 29. Ra4 f5 30. f3 d5 31. exd5 Bd6 32. c4 bxc3 33. bxc3 a5
34. c4 Bb4 35. Bd2 Bxd2 36. Kxd2 Rb8 37. Kc3 e4 38. fxe4 f4 39. Rxa5 f3 40. Ra2
1-0